Typisch Deutsch! -2- - Statistiken

Allgemein
  • Dieses Quiz wurde 823 mal gespielt
  • Das Durchschnittsergebnis liegt bei 11 aus 16
Antwortstatistiken
Bildquiz Antwort % Korrekt
Schäferhund
98%
Angela Merkel
96%
Damen Dirndl
95%
Joachim Löw
95%
Kuckucksuhr
92%
Rhein
85%
Dirk Nowitzki
82%
Strandkorb
81%
Brezeln
76%
Elbphilharmonie Hamburg
71%
Kölsch
59%
Weinberg
56%
Currywurst + Pommes
53%
Porsche 911
43%
Universität Leipzig
6%
Lothardenkmal
2%
Keine übereinstimmenden Quizze gefunden
Verteilung der Resultate
Anzahl Personen mit jedem Resultat
Perzentil nach korrekt beantworteten Fragen
Ihre Resultats-Entwicklung
Sie haben dieses Quiz noch nicht gespielt